| 000 | 00444nam a2200133Ia 4500 | ||
|---|---|---|---|
| 008 | 200925s9999 xx 000 0 und d | ||
| 020 | _a978-621-427-022-4 | ||
| 100 | _aAriola, Mariano M. | ||
| 245 |
_cMariano M. Ariola.-- _aThe contemporary world / |
||
| 260 |
_aManila : _bUnlimited Books Library Services & Publishing Inc. _c2018 |
||
| 300 |
_ax , 131 pages : _billustrations ; _c23 cm. |
||
| 650 | _aGlobalization | ||
| 650 | _aWorld economics | ||
| 999 |
_c364494 _d364494 |
||